Green building handbook (Record no. 96765)
[ view plain ]
| 000 -LEADER | |
|---|---|
| fixed length control field | 01343cam a2200277 4500 |
| 008 - FIXED-LENGTH DATA ELEMENTS--GENERAL INFORMATION | |
| fixed length control field | 090401t xxu||||| |||| 00| 0 eng d |
| 020 ## - INTERNATIONAL STANDARD BOOK NUMBER | |
| International Standard Book Number | 0419226907 |
| 035 ## - SYSTEM CONTROL NUMBER | |
| System control number | (Sirsi) u82094 |
| 041 ## - LANGUAGE CODE | |
| Language code of text/sound track or separate title | eng |
| 050 ## - LIBRARY OF CONGRESS CALL NUMBER | |
| Classification number | 691 |
| -- | 18 |
| 100 ## - MAIN ENTRY--PERSONAL NAME | |
| Personal name | Woolley, Tom |
| 245 ## - TITLE STATEMENT | |
| Title | Green building handbook |
| Remainder of title | a guide to building products and their impact on the environment. |
| 260 ## - PUBLICATION, DISTRIBUTION, ETC. | |
| Place of publication, distribution, etc. | Green building handbook |
| Name of publisher, distributor, etc. | a guide to building products and their impact on the environment. |
| 300 ## - PHYSICAL DESCRIPTION | |
| Extent | vii, 216p. |
| Dimensions | 30cm. |
| 350 ## - PRICE (NR) (BK AM CF MU VM SE) [OBSOLETE] | |
| Price | 29.95 |
| 520 ## - SUMMARY, ETC. | |
| Summary, etc. | Practical new handbook considers the environmental issues which relate to the production, use and disposal of key building products and materials. Designed to help specifiers and purchasers gain awareness of the potential environmental impact of their decisions. Chapters look at different sectors of the trade from flooring to roofing, comparing the environmental effects of commonly available products with less well known green alternatives. A best buy section ranks these products from lowest to highest impact. |
| 650 ## - SUBJECT ADDED ENTRY--TOPICAL TERM | |
| Topical term or geographic name entry element | BUILT ENVIRONMENT-BUILDING MATERIALS |
| 650 ## - SUBJECT ADDED ENTRY--TOPICAL TERM | |
| Topical term or geographic name entry element | ENVIRONMENTAL IMPACT |
| 650 ## - SUBJECT ADDED ENTRY--TOPICAL TERM | |
| Topical term or geographic name entry element | GREEN BUILDING |
| 690 ## - LOCAL SUBJECT ADDED ENTRY--TOPICAL TERM (OCLC, RLIN) | |
| Topical term or geographic name as entry element | BUILT ENVIRONMENT-BUILDING MATERIALS |
| 700 ## - ADDED ENTRY--PERSONAL NAME | |
| Personal name | Kimmins, Sam |
| 700 ## - ADDED ENTRY--PERSONAL NAME | |
| Personal name | Kimmins, Sam |
| 700 ## - ADDED ENTRY--PERSONAL NAME | |
| Personal name | Kimmins, Sam |
| 942 ## - ADDED ENTRY ELEMENTS (KOHA) | |
| Suppress in OPAC | 0 |
| 948 ## - LOCAL PROCESSING INFORMATION (OCLC); SERIES PART DESIGNATOR (RLIN) | |
| c (OCLC) | 14/11/1997 |
| Withdrawn status | Lost status | Source of classification or shelving scheme | Damaged status | Not for loan | Home library | Current library | Shelving location | Date acquired | Cost, normal purchase price | Total Checkouts | Full call number | Barcode | Date last seen | Date last checked out | Copy number | Cost, replacement price | Price effective from | Koha item type |
|---|---|---|---|---|---|---|---|---|---|---|---|---|---|---|---|---|---|---|
| Dewey Decimal Classification | London | London | Folio | 05/12/1997 | 29.95 | 26 | F691 | 30054555 | 06/08/2019 | 18/11/2008 | 1 | 29.95 | 06/08/2019 | Book |